00968 2200349 4500001002100000005001500021035002000036007000300056040001700059245006600076250001100142300002900153041000800182082001100190090002000201264003600221336002100257337003000278338002300308850001000331008004100341100003200382504002700414020001800441084001600459650001600475700003500491990002300526990002300549990002300572990002300595INLIS00000000000510420260515053957 a0010-0222000194ta aSBPUPADbind1 aMemilih dan Mencari Kerja Sesuai dengan Bakat dan Kepribadian aCet 1 aviii, 88 hal. ;c23,5 cm aind a305.98 a330.1 ISM m 8-8 ajakarta :bKawan Pustaka,c2003 2rdacontentaTeks 2rdamediaaTanpa Perantara 2rdacarrieraVolume aPUPAD260515 0 0 aEfriyani DjuwitaePengarang abibliografi, 85-86 hlm a979-3034-17-3 a305.9 EFR m 4aKepribadian aPenyunting, TajudinePengarang a6315/BR/ARPUS/2007 a6316/BR/ARPUS/2007 a6318/BR/ARPUS/2007 a6319/BR/ARPUS/2007